|
|
|
|
| LEADER |
00000cam a2200000 4500 |
| 001 |
vtls012077921 |
| 003 |
SK-MaSNL |
| 005 |
20260302094527.0 |
| 008 |
211118s2021 xo f 000 e slo |
| 015 |
|
|
|a SNBA2023/04
|
| 020 |
|
|
|a 9788097386078
|q (brožované)
|
| 040 |
|
|
|a SNK
|b slo
|c SNK
|e rda
|
| 041 |
0 |
|
|a slo
|
| 044 |
|
|
|a xo
|c SK
|
| 072 |
|
7 |
|a 27-5
|x Liturgia. Kresťanské umenie a symbolika. Duchovný život
|2 konspekt
|
| 080 |
|
|
|a 271.2-36-055.1
|2 2011
|
| 080 |
|
|
|a 27-584
|2 2011
|
| 080 |
|
|
|a 2-587.7
|2 2011
|
| 080 |
|
|
|a 27-585
|2 2011
|
| 080 |
|
|
|a 271-58
|2 2011
|
| 080 |
|
|
|a 27-9"01/07"-284-051(=14)
|2 2011
|
| 080 |
|
|
|a (0:82-84)
|2 2011
|
| 080 |
|
|
|a (0:82-4)
|2 2011
|
| 080 |
|
|
|a (082.21)
|2 2011
|
| 080 |
|
|
|a 271.2-1/-9
|2 2011
|
| 100 |
1 |
|
|a Keruľ-Kmec, Miron,
|d 1966-
|4 aut
|9 207874
|
| 245 |
1 |
0 |
|a Nad slovami sv. Ignáca Brjančaninova
|n Pole 3
|c Miron Keruľ-Kmec
|
| 264 |
|
1 |
|a [Sady nad Torysou]
|b Filokalia
|c 2021
|
| 300 |
|
|
|a 215 strán
|c 21 cm
|
| 336 |
|
|
|a text
|b txt
|2 rdacontent
|
| 337 |
|
|
|a bez média
|b n
|2 rdamedia
|
| 338 |
|
|
|a zväzok
|b nc
|2 rdacarrier
|
| 490 |
1 |
|
|a Umenie duchovného života
|
| 500 |
|
|
|a Miesto vydania podľa NA ISBN
|
| 600 |
0 |
7 |
|a Ignatij Brjančaninov,
|d 1807-1867
|2 SNKMA
|9 442446
|
| 650 |
0 |
7 |
|a pravoslávni svätci
|2 SNKPH
|9 1994
|
| 650 |
0 |
7 |
|a duchovný život
|2 SNKPH
|9 1807
|
| 650 |
0 |
7 |
|a duchovné skúsenosti
|2 SNKPH
|9 222760
|
| 650 |
0 |
7 |
|a kresťanská asketika
|2 SNKPH
|9 2071
|
| 650 |
0 |
7 |
|a východná kresťanská spiritualita
|2 SNKPH
|9 69216
|
| 650 |
0 |
7 |
|a východní cirkevní otcovia
|2 SNKPH
|9 111300
|
| 650 |
0 |
7 |
|a učenie pravoslávnej cirkvi
|2 SNKPH
|9 83923
|
| 650 |
0 |
7 |
|a Saints of the Orthodox church
|2 SNKPHeng
|9 428885
|
| 650 |
0 |
7 |
|a Spiritual life
|2 SNKPHeng
|9 265583
|
| 650 |
0 |
7 |
|a Spiritual experiences
|2 SNKPHeng
|9 134887
|
| 650 |
0 |
7 |
|a Christian asceticism
|2 SNKPHeng
|9 319805
|
| 650 |
0 |
7 |
|a Eastern Christian spirituality
|2 SNKPHeng
|9 302731
|
| 650 |
0 |
7 |
|a Greek church fathers
|2 SNKPHeng
|9 350707
|
| 650 |
0 |
7 |
|a Orthodox doctrine
|2 SNKPHeng
|9 333003
|
| 655 |
|
7 |
|a citáty
|2 SNKPH
|9 70419
|
| 655 |
|
7 |
|a úvahy
|2 SNKPH
|9 29403
|
| 655 |
|
7 |
|a výbery
|2 SNKPH
|9 67620
|
| 655 |
|
7 |
|a Quotations
|2 SNKPHeng
|9 302733
|
| 655 |
|
7 |
|a Essays
|2 SNKPHeng
|9 267540
|
| 655 |
|
7 |
|a Selections
|2 SNKPHeng
|9 277174
|
| 830 |
|
0 |
|a Umenie duchovného života
|9 302734
|
| 919 |
|
|
|a 978-80-973860-7-8
|
| 954 |
|
|
|a duchovná literatúra pôvodná (slovenská)
|2 lita
|
| 958 |
|
|
|a LX
|
| 958 |
|
|
|a NT
|
| 999 |
|
|
|c 1213521
|d 1215451
|
| 952 |
|
|
|a SNK
|b SNK
|y PREZ
|7 0
|p 17A1469411
|o snkSC 193535/3
|i snk2021/18616
|8 0
|0 0
|1 0
|4 0
|d 2021-11-18
|f 1
|l 0
|r 2025-10-10 00:00:00
|w 2026-02-24
|
| 952 |
|
|
|a SNK
|b SNK
|y VYP
|7 0
|p 17A1469412
|o snkSC 193535/3 D1
|i snk2021/18617
|8 0
|0 0
|1 0
|4 0
|d 2021-11-18
|l 0
|r 2026-02-24 23:20:03
|w 2026-02-24
|